Statystyki dla Państwo Unii Europejskiej po tablicach rejestracyjnych

Kliknij tutaj aby rozwiązać quiz!

Ogólne statystyki

  • Ten quiz został rozwiązany 817 razy
    (711 od ostatniego zresetowania)
  • Średni wynik to 24 z 27

Statystyki odpowiedzi

TablicaPaństwo% Poprawnych
CZCzechy
99%
FINFinlandia
98%
ESTEstonia
97%
PLPolska
97%
BBelgia
96%
DKDania
96%
IRLIrlandia
95%
LTLitwa
95%
SLOSłowenia
95%
FFrancja
93%
SKSłowacja
93%
LVŁotwa
92%
GRGrecja
91%
BGBułgaria
90%
NLHolandia
90%
PPortugalia
90%
AAustria
89%
HRChorwacja
89%
CYCypr
88%
DNiemcy
88%
RORumunia
88%
SSzwecja
81%
LLuksemburg
78%
HWęgry
73%
IWłochy
73%
EHiszpania
72%
MMalta
70%

Rozkład punktacji

Percentyl według liczby udzielonych odpowiedzi

Procent ludzi z każdym wynikiem

Twoja historia wyników

Nie rozwiązałeś tego quizu od ostatniego zresetowania